| 000 | 01115nam a2200253Ia 4500 | ||
|---|---|---|---|
| 001 | 262.24-TIL je da (2884) | ||
| 003 | IT-MiSPE | ||
| 008 | 171229s9999||||xx |||||||||||||| ||und|| | ||
| 040 |
_aIT-MiSPE _cIT-MiSPE |
||
| 041 | _aITALIANO | ||
| 100 | _aJean-Marie Roger Tillard | ||
| 240 | _aDevant Dieu et pour le monde: Le projet des religieux | ||
| 245 | 0 |
_aDavanti a Dio e per il mondo _bIl progetto dei religiosi |
|
| 250 | _a1a ed. (v) | ||
| 260 |
_aRoma _bEd. Paoline _c1975 |
||
| 300 |
_a477 p. _c22 cm |
||
| 490 |
_aTeologia _v7 |
||
| 500 | _aReligiosi | ||
| 501 | _aEdizioni San Paolo srl - Piazza Soncino, 5 - 20092 CINISELLO BALSAMO (MI) (non commercial uses only) ® Copyright 2018 | ||
| 700 |
_aCarlo Danna _g(traduzione) |
||
| 942 | _cBK | ||
| 957 | _71 | ||
| 999 |
_a12850 _bNO _g Copie: 1 _c344338 _d344338 |
||